00564naa a2200169 a 450000100080000000500110000800800410001902200140006010000150007424501550008926000090024465000170025365300250027065300130029565300250030877300610033312836022014-06-11 1997 bl uuuu u00u1 u #d a0015-38261 aBIONDI, D. aCaracterizacao do estado nutricional de Acer negundo L. e Tabebuia crysotricha (Mart, ex DC.) Standl. utilizadas na arborizacao urbana de Curitiba-PR. c1997 aAcer Negundo aArborização urbana aCuritiba aTabebuia crysotricha tFloresta, Curitibagv.25, n.1/2, p.84-86 jun./dez. 1997.